000
00206 a2200073 4500
245
0
_a
Fizika magnitnoj zapisi /
_c
Karol'kov V.G..
710
2
_a
Energija.
_e
Wydawca
_4
pbl
260
_a
Moskva :
_b
Energija,
_c
1967.
300
_a
247 s.;
_c
25 cm.
999
_c
8071
_d
8071